Loading...
| Fine Arts - Visual Fine Arts | 5 | 9 | 3 | 2 | 150 | 58 | 103.64 | 10 | 14 |
| Philosophy | 8 | 1 | 1 | 0 | 125 | 30 | 69.11 | 9 | 9 |
| Literature - British Literature | 4 | 6 | 0 | 0 | 120 | 54 | 94.00 | 6 | 10 |
| History - World History | 4 | 5 | 0 | 1 | 110 | 51 | 83.33 | 8 | 9 |
| Social Science | 2 | 7 | 0 | 1 | 100 | 66 | 93.56 | 7 | 9 |
| Literature - American Literature | 3 | 6 | 1 | 0 | 100 | 33 | 89.67 | 6 | 9 |
| Literature - European Literature | 2 | 7 | 0 | 0 | 100 | 38 | 98.33 | 9 | 9 |
| Literature - World Literature | 2 | 6 | 1 | 0 | 85 | 51 | 101.75 | 7 | 8 |
| Religion | 2 | 5 | 0 | 1 | 80 | 43 | 94.57 | 4 | 7 |
| History - American History | 2 | 5 | 1 | 0 | 75 | 61 | 88.00 | 5 | 7 |
| History - Ancient History | 1 | 7 | 2 | 0 | 75 | 45 | 83.88 | 3 | 8 |
| Science - Other Science | 1 | 5 | 1 | 2 | 60 | 47 | 112.50 | 1 | 6 |
| History - European History | 2 | 4 | 3 | 0 | 55 | 39 | 68.00 | 4 | 6 |
| Geography | 2 | 3 | 1 | 1 | 55 | 54 | 106.80 | 2 | 5 |
| Other Academic | 1 | 4 | 0 | 0 | 55 | 26 | 79.00 | 3 | 5 |
| Fine Arts - Auditory Fine Arts | 0 | 6 | 3 | 0 | 45 | 89 | 132.83 | 2 | 6 |
| Science - Chemistry | 0 | 3 | 0 | 1 | 30 | 137 | 140.00 | 0 | 3 |
| Mythology | 0 | 3 | 0 | 0 | 30 | 104 | 126.67 | 1 | 3 |
| Current Events | 1 | 1 | 0 | 0 | 25 | 33 | 75.50 | 1 | 2 |
| Science - Physics | 0 | 1 | 0 | 0 | 10 | 134 | 134.00 | 0 | 1 |
| Science - Biology | 0 | 1 | 1 | 0 | 5 | 135 | 135.00 | 0 | 1 |